[Event "White Nights op"]
[Site "St Petersburg"]
[Date "1999.??.??"]
[Round "1"]
[White "Tikhanov, Adolf"]
[Black "Orlov, Vassily"]
[Result "0-1"]
[WhiteElo "2235"]
[BlackElo "2429"]
[PlyCount "108"]
[EventDate "1999.06.??"]
[Source "www.chesslib.no"]
[SourceDate "2004.05.04"]

1. d4 Nf6 2. c4 e6 3. Nc3 Bb4 4. e3 c5 5. a3 Bxc3+ 6. bxc3 O-O 7. Bd3 d6 8. f4 e5 9. fxe5 dxe5 10. dxe5 Ng4 11. Nf3 Nc6 12. O-O Qe7 13. Be4 Ngxe5 14. Nxe5 Nxe5 15. Bd5 Be6 16. Qe2 Rae8 17. e4 Bxd5 18. cxd5 Ng6 19. Bf4 Qxe4 20. Qxe4 Rxe4 21. Bc7 Rc8 22. d6 Nf8 23. Rae1 Rce8 24. Rxe4 Rxe4 25. Kf2 Rf4+ 26. Ke2 Rxf1 27. Kxf1 f6 28. Ke2 Kf7 29. Kd3 Ke6 30. Kc4 Nd7 31. a4 f5 32. a5 g5 33. h3 h6 34. Kb5 a6+ 35. Kc4 Ke5 36. Kd3 Kf4 37. Ke2 Kg3 38. Kf1 f4 39. Bd8 f3 40. gxf3 Kxf3 41. h4 gxh4 42. Bxh4 Ke3 43. Kg2 Kd3 44. Kf3 Kxc3 45. Ke4 Kb3 46. Kd5 c4 47. Ke6 Nb8 48. d7 Nxd7 49. Kxd7 c3 50. Be1 c2 51. Bd2 h5 52. Kc7 h4 53. Kxb7 h3 54. Kxa6 h2 0-1

[Event "FRA Team Ch"]
[Site "France"]
[Date "1989.??.??"]
[Round "?"]
[White "Guigonis, Dominique"]
[Black "Hauchard, Arnaud"]
[Result "0-1"]
[WhiteElo "2325"]
[BlackElo "2325"]
[PlyCount "76"]
[EventDate "1989.??.??"]
[Source "www.chesslib.no"]
[SourceDate "2004.05.04"]

1. d4 Nf6 2. c4 e6 3. Nc3 Bb4 4. e3 b6 5. Bd3 Bb7 6. f3 c5 7. Nge2 O-O 8. a3 Bxc3+ 9. bxc3 d6 10. O-O Nc6 11. Ng3 Ba6 12. Qe2 Rc8 13. Ra2 Qd7 14. Rc2 Rc7 15. f4 Na5 16. e4 cxd4 17. e5 Ne8 18. cxd4 d5 19. c5 Bxd3 20. Qxd3 bxc5 21. dxc5 Nc4 22. Be3 Qa4 23. Bd4 f5 24. exf6 Nxf6 25. Re2 Re7 26. Rf3 Qc6 27. Qc3 Ref7 28. h3 Nd7 29. Nh5 g6 30. Ng3 Nxc5 31. Kh2 Ne4 32. Qb4 Nxg3 33. Rxg3 Rb7 34. Qe1 Re7 35. Rf2 Qd6 36. Qc1 Rfe8 37. h4 Rf8 38. Qb1 Rxf4 0-1

[Event "HUN-chT2"]
[Site "HUN"]
[Date "1993.??.??"]
[Round "?"]
[White "Vigh, Bela"]
[Black "Horvath, Istvan"]
[Result "1/2-1/2"]
[WhiteElo "2400"]
[BlackElo "2245"]
[PlyCount "68"]
[EventDate "1993.??.??"]
[Source "www.chesslib.no"]
[SourceDate "2004.05.04"]

1. d4 Nf6 2. c4 e6 3. Nc3 Bb4 4. e3 O-O 5. a3 Bxc3+ 6. bxc3 d6 7. Bd3 e5 8. Ne2 Qe7 9. Ng3 Nc6 10. O-O e4 11. Bb1 Na5 12. Qc2 Nxc4 13. Nxe4 Nxe4 14. Qxe4 Qxe4 15. Bxe4 c6 16. Bd3 Be6 17. e4 Na5 18. Rb1 b6 19. Re1 f5 20. f3 fxe4 21. fxe4 Rae8 22. Bg5 d5 23. exd5 Bxd5 24. Be7 Rf4 25. Bd6 Rxe1+ 26. Rxe1 Rf6 27. Bb8 a6 28. Re7 Nc4 29. h3 Re6 30. Ra7 Re3 31. Bxc4 Bxc4 32. Be5 g6 33. Rg7+ Kf8 34. Rb7 b5 1/2-1/2

[Event "Chicago Open"]
[Site "Chicago, IL USA"]
[Date "1996.??.??"]
[Round "?"]
[White "Adams, Nick A"]
[Black "Kaufman, Larry C"]
[Result "1/2-1/2"]
[WhiteElo "2220"]
[BlackElo "2425"]
[PlyCount "143"]
[EventDate "1996.??.??"]
[Source "www.chesslib.no"]
[SourceDate "2004.05.04"]

1. d4 Nf6 2. c4 e6 3. Nc3 Bb4 4. a3 Bxc3+ 5. bxc3 c5 6. e3 b6 7. Bd3 Bb7 8. f3 O-O 9. Ne2 Nc6 10. O-O Na5 11. Ng3 Ba6 12. Qe2 cxd4 13. cxd4 Rc8 14. Bd2 Bxc4 15. Bxa5 Bxd3 16. Qxd3 bxa5 17. Rab1 Qc7 18. e4 Qc3 19. Rb3 Qxd3 20. Rxd3 Rc2 21. Rf2 Rfc8 22. Rxc2 Rxc2 23. Rb3 g6 24. Rb5 h5 25. h4 d5 26. e5 Nd7 27. Rxa5 Nb6 28. Rxa7 Nc4 29. Nf1 Rc1 30. Kf2 Rd1 31. Ne3 Rd2+ 32. Ke1 Rxd4 33. Nxc4 Rxc4 34. g3 Rc2 35. Kf1 Ra2 36. Ra8+ Kg7 37. Ra7 d4 38. Ra4 d3 39. Rd4 Rxa3 40. Kf2 Ra2+ 41. Ke3 Re2+ 42. Kxd3 Rxe5 43. Ra4 Kf6 44. Kd2 g5 45. Rb4 Kg6 46. Ra4 f6 47. Rb4 Ra5 48. Ke2 Ra2+ 49. Kf1 e5 50. Rc4 Rd2 51. hxg5 fxg5 52. Ra4 Rd4 53. Ra8 e4 54. fxe4 Rxe4 55. Ra5 Kf6 56. Kf2 Re5 57. Ra8 Rb5 58. Rf8+ Kg6 59. Kg2 Rb2+ 60. Kg1 Rb6 61. Kg2 Rb2+ 62. Kg1 Ra2 63. Kh1 g4 64. Kg1 Kg5 65. Rf7 h4 66. Rg7+ Kf5 67. gxh4 Kf4 68. Rb7 Kg3 69. Rb3+ Kxh4 70. Rc3 Rb2 71. Ra3 g3 72. Ra8 1/2-1/2

[Event "Santiago Esucomex op"]
[Site "Santiago"]
[Date "1998.??.??"]
[Round "9"]
[White "Minzer, Claudio Javier"]
[Black "Bombardiere Rosas, Eduardo"]
[Result "1-0"]
[WhiteElo "2380"]
[BlackElo "2265"]
[PlyCount "107"]
[EventDate "1998.??.??"]
[Source "www.chesslib.no"]
[SourceDate "2004.05.04"]

1. d4 Nf6 2. c4 e6 3. Nc3 Bb4 4. e3 c5 5. a3 Bxc3+ 6. bxc3 O-O 7. Bd3 d6 8. Ne2 e5 9. O-O Qe7 10. Ng3 e4 11. Bc2 Re8 12. f3 b5 13. cxb5 Bb7 14. c4 Nbd7 15. d5 exf3 16. gxf3 Ne5 17. Qe2 Bc8 18. Bf5 Ng6 19. Bxc8 Raxc8 20. Qc2 Nh4 21. e4 Qe5 22. Rb1 h6 23. Rb3 Ng6 24. Nf5 Nh5 25. Qg2 Nhf4 26. Qb2 Rcd8 27. Qxe5 Rxe5 28. Kf2 Kh7 29. a4 h5 30. a5 h4 31. Bd2 Nh5 32. Ke1 Ngf4 33. b6 axb6 34. Bxf4 Nxf4 35. axb6 g6 36. Nxd6 Rxd6 37. b7 Re8 38. b8=Q Rxb8 39. Rxb8 Ra6 40. Kd2 Ra2+ 41. Kc3 Rxh2 42. Rb2 Rxb2 43. Kxb2 Kg7 44. Kc2 Kf6 45. Kd2 h3 46. Ke3 g5 47. Kf2 Ke5 48. Rd1 Kd6 49. Kg3 f5 50. Rd2 Kd7 51. Rh2 Kd6 52. Rxh3 Nd3 53. Rh2 Ke5 54. Rd2 1-0

[Event "FSIMB November"]
[Site "Budapest HUN"]
[Date "2007.11.09"]
[Round "7"]
[White "Adams, N."]
[Black "Berczes, C."]
[Result "1/2-1/2"]
[WhiteElo "2220"]
[BlackElo "2419"]
[PlyCount "22"]
[EventDate "2007.11.03"]
[Source "www.chesslib.no"]
[SourceDate "2004.05.04"]

1. d4 Nf6 2. c4 e6 3. Nc3 Bb4 4. e3 O-O 5. a3 Bxc3+ 6. bxc3 d6 7. Bd3 e5 8. Ne2 e4 9. Bb1 c6 10. O-O d5 11. Ng3 Nbd7 1/2-1/2

[Event "SVE-chT 9798"]
[Site "Sweden"]
[Date "1998.??.??"]
[Round "7"]
[White "Adler, Bo"]
[Black "Schneider, Lars Ake"]
[Result "1/2-1/2"]
[WhiteElo "2245"]
[BlackElo "2380"]
[PlyCount "62"]
[EventDate "1997.??.??"]
[Source "www.chesslib.no"]
[SourceDate "2004.05.04"]

1. d4 Nf6 2. c4 e6 3. Nc3 Bb4 4. a3 Bxc3+ 5. bxc3 c5 6. e3 b6 7. Bd3 Bb7 8. f3 O-O 9. Ne2 Nc6 10. O-O Rc8 11. d5 Ne5 12. e4 Ne8 13. f4 Nxd3 14. Qxd3 f5 15. Ng3 Qf6 16. e5 Qg6 17. d6 h5 18. Rf2 h4 19. Nf1 Qg4 20. h3 Qh5 21. Be3 g6 22. Nd2 Ng7 23. Nf3 Qh6 24. Ng5 Nh5 25. a4 Ng3 26. a5 Ne4 27. Rb2 Nxg5 28. fxg5 Qh8 29. Bf4 Be4 30. Qd1 Ra8 31. axb6 axb6 1/2-1/2

[Event "Wch U18 Girls"]
[Site "Guarapuava BRA"]
[Date "1995.??.??"]
[Round "8"]
[White "Lomineishvili, Maia"]
[Black "Peptan, Corina"]
[Result "0-1"]
[WhiteElo "2280"]
[BlackElo "2340"]
[PlyCount "101"]
[EventDate "1995.??.??"]
[Source "www.chesslib.no"]
[SourceDate "2004.05.04"]

1. d4 Nf6 2. c4 e6 3. Nc3 Bb4 4. e3 O-O 5. Bd3 c5 6. a3 Bxc3+ 7. bxc3 d5 8. cxd5 Qxd5 9. Nf3 cxd4 10. exd4 b6 11. c4 Qd6 12. O-O Bb7 13. Qe2 Nbd7 14. Bb2 Rfd8 15. Rad1 Qf4 16. Qe3 Qxe3 17. fxe3 Rac8 18. Nd2 Nc5 19. Be2 Nce4 20. Bd3 Rc7 21. Nf3 Rdc8 22. Ne5 Nd6 23. Rc1 Nfe4 24. Rc2 f6 25. Nf3 Nxc4 26. Rfc1 Bd5 27. Bxc4 Rxc4 28. Rxc4 Rxc4 29. Kf1 Kf7 30. Ke1 Rxc1+ 31. Bxc1 b5 32. Ke2 Bc4+ 33. Ke1 Bd3 34. Nd2 Nd6 35. Nb3 Be4 36. Kf2 Ke7 37. Nc5 f5 38. Bd2 Nc4 39. Be1 a5 40. Nb3 Nxa3 41. Bxa5 Nc2 42. Nc5 Kd6 43. g4 Kd5 44. gxf5 exf5 45. Bc3 g5 46. Nd7 Kc4 47. Bb2 Nb4 48. Ke2 Kb3 49. Bc1 Kc2 50. Bd2 Nd5 51. Ne5 0-1